James Bond Movie to Actor - Click Quiz - Statistics

General Stats
  • This quiz has been taken 725 times
  • The average score is 20 of 25
Answer Stats
Hint Answer % Correct
Skyfall 6 Daniel Craig
93%
Spectre 6 Daniel Craig
92%
Dr. No 1 Sean Connery
91%
Quantum of Solace 6 Daniel Craig
91%
Casino Royale 6 Daniel Craig
90%
Goldfinger 1 Sean Connery
87%
Moonraker 3 Roger Moore
82%
No Time to Die 6 Daniel Craig
82%
From Russia with Love 1 Sean Connery
80%
GoldenEye 5 Pierce Brosnan
80%
Tomorrow Never Dies 5 Pierce Brosnan
80%
On Her Majesty's Secret Service 2 George Lazenby
79%
The World Is Not Enough 5 Pierce Brosnan
79%
Die Another Day 5 Pierce Brosnan
79%
Thunderball 1 Sean Connery
77%
Diamonds Are Forever 1 Sean Connery
76%
Octopussy 3 Roger Moore
76%
Live and Let Die 3 Roger Moore
75%
For Your Eyes Only 3 Roger Moore
73%
The Man with the Golden Gun 3 Roger Moore
72%
The Spy Who Loved Me 3 Roger Moore
72%
The Living Daylights 4 Timothy Dalton
72%
A View to a Kill 3 Roger Moore
69%
You Only Live Twice 1 Sean Connery
68%
Licence to Kill 4 Timothy Dalton
64%
No matching quizzes found
Score Distribution
Percent of People with Each Score
Percentile by Number Answered
Your Score History
You have not taken this quiz